Proyecto de rehabilitación de la antigua catedral de Managua, específicamente en el análisis del entorno urbano, de junio 2017 a febrero 2018
Presenta una propuesta de proyecto basada en la percepción del espacio y de tecnologías con aplicaciones urbanísticas como los sistemas de información geográfica, dando como resultado la actualización a 2017 de la cartografía y topografía del sector en estudio.
| Main Author: | |
|---|---|
| Other Authors: | |
| Format: | Tesis Section = Libro |
| Language: | Undetermined Spanish |
| Published: |
Managua
UNI
2018
|
| Subjects: |
| LEADER | 01172nam a2200265Ia 4500 | ||
|---|---|---|---|
| 008 | 240830s9999 xx 000 0 und d | ||
| 040 | |a BIBLIOTECA-RUSB/ Mon 711.4 L255 | ||
| 041 | |a spa | ||
| 082 | |a Mon 711.4 L255 | ||
| 100 | 1 | |a Landero Jarquín, Rosario del Carmen | |
| 245 | 1 | 0 | |a Proyecto de rehabilitación de la antigua catedral de Managua, específicamente en el análisis del entorno urbano, de junio 2017 a febrero 2018 |
| 260 | |a Managua |b UNI |c 2018 | ||
| 300 | |a 58 p. :il. | ||
| 500 | |a Contiene: Informe de práctica profesional, anexos y CD. | ||
| 502 | |a Tesis (Arquitecto) - UNI, 2018. | ||
| 520 | 3 | |a Presenta una propuesta de proyecto basada en la percepción del espacio y de tecnologías con aplicaciones urbanísticas como los sistemas de información geográfica, dando como resultado la actualización a 2017 de la cartografía y topografía del sector en estudio. | |
| 650 | 7 | |a PRACTICAS PROFESIONALES | |
| 650 | 7 | |b URBANISMO | |
| 650 | 7 | |c REHABILITACION | |
| 650 | 7 | |d DESARROLLO URBANO | |
| 650 | 7 | |e PATRIMONIO HISTORICO | |
| 700 | 1 | |a Tutor: |b López, Irías, Néstor Saúl | |
| 942 | |c BK |2 ddc | ||
| 991 | |a TESIS | ||
| 999 | |c 20923 | ||